000 00464nam a22001697a 4500
003 OSt
005 20140310182324.0
008 130921t xxu||||| |||| 00| 0 eng d
020 _a0679808671
050 _aQK 49
_b.R69 1991
082 _aGS 581
_bSTI 1991
245 _aFlowers, trees & other plants
_c John Stidworthy
260 _aGreat Britain :
_bRandom House, Inc,
_c1991.
300 _a40 p. :
_bill. ;
_c28 cm.
942 _2lcc
_cBK-GS
999 _c11877
_d11877